Theatre and performance in Africa : (Record no. 124402)
[ view plain ]
| 000 -LEADER | |
|---|---|
| fixed length control field | 01576nam a2200385 a 4500 |
| 001 - CONTROL NUMBER | |
| control field | 3511519 |
| 003 - CONTROL NUMBER IDENTIFIER | |
| control field | ARRUPE |
| 005 - DATE AND TIME OF LATEST TRANSACTION | |
| control field | 20160322101847.0 |
| 008 - FIXED-LENGTH DATA ELEMENTS--GENERAL INFORMATION | |
| fixed length control field | 940804s1994 gw a b 100 0 eng d |
| 010 ## - LIBRARY OF CONGRESS CONTROL NUMBER | |
| LC control number | 95126936 |
| 020 ## - INTERNATIONAL STANDARD BOOK NUMBER | |
| International Standard Book Number | 3927510289 (pbk) |
| 020 ## - INTERNATIONAL STANDARD BOOK NUMBER | |
| International Standard Book Number | 3927510238 (cloth) |
| 035 ## - SYSTEM CONTROL NUMBER | |
| System control number | (OCoLC)30881945 |
| 040 ## - CATALOGING SOURCE | |
| Original cataloging agency | IEN |
| Transcribing agency | IEN |
| Modifying agency | DLC |
| 041 0# - LANGUAGE CODE | |
| Language code of text/sound track or separate title | engnic |
| 042 ## - AUTHENTICATION CODE | |
| Authentication code | lccopycat |
| 043 ## - GEOGRAPHIC AREA CODE | |
| Geographic area code | f------ |
| 050 00 - LIBRARY OF CONGRESS CALL NUMBER | |
| Classification number | PR9340 |
| Item number | .T374 |
| 300 ## - PHYSICAL DESCRIPTION | |
| Other physical details | ill. ; |
| Dimensions | 21 cm. |
| 100 ## - MAIN ENTRY--PERSONAL NAME | |
| Personal name | Breitinger, Eckhard (ed.) |
| 9 (RLIN) | 23035 |
| 245 00 - TITLE STATEMENT | |
| Title | Theatre and performance in Africa : |
| Remainder of title | intercultural perspectives / |
| Statement of responsibility, etc | Eckhard Breitinger, ed. |
| 260 ## - PUBLICATION, DISTRIBUTION, ETC. (IMPRINT) | |
| Place of publication, distribution, etc | Bayreuth, Germany : |
| Name of publisher, distributor, etc | Bayreuth University, |
| Date of publication, distribution, etc | c1994. |
| 300 ## - PHYSICAL DESCRIPTION | |
| Extent | 216 p.; |
| 440 #0 - SERIES STATEMENT/ADDED ENTRY--TITLE | |
| Title | Yearbook of the Association for the Study of the New Literatures in English ; |
| Volume number/sequential designation | Bd. 4 |
| 9 (RLIN) | 23036 |
| 490 1# - SERIES STATEMENT | |
| Series statement | Bayreuth African studies, |
| International Standard Serial Number | 0178-0034 ; |
| Volume number/sequential designation | 31 |
| 500 ## - GENERAL NOTE | |
| General note | Selected papers from a conference held at Bayreuth University in June 1992, sponsored by the Association for the Study of the New Literatures in English. |
| 504 ## - BIBLIOGRAPHY, ETC. NOTE | |
| Bibliography, etc | Includes bibliographical references. |
| 546 ## - LANGUAGE NOTE | |
| Language note | English, Akpa, and Idoma. |
| 650 #0 - SUBJECT ADDED ENTRY--TOPICAL TERM | |
| Topical term or geographic name as entry element | Theater, Africa |
| General subdivision | History and criticism |
| 9 (RLIN) | 23037 |
| 700 1# - ADDED ENTRY--PERSONAL NAME | |
| Personal name | Breitinger, Eckhard. |
| 9 (RLIN) | 23035 |
| 710 2# - ADDED ENTRY--CORPORATE NAME | |
| Corporate name or jurisdiction name as entry element | Gesellschaft für die Neuen Englischsprachigen Literaturen. |
| 9 (RLIN) | 23038 |
| 830 #0 - SERIES ADDED ENTRY--UNIFORM TITLE | |
| Uniform title | Bayreuth African studies series ; |
| Volume number/sequential designation | 31. |
| 9 (RLIN) | 23039 |
| 906 ## - LOCAL DATA ELEMENT F, LDF (RLIN) | |
| a | 7 |
| b | cbc |
| c | copycat |
| d | 3 |
| e | ncip |
| f | 19 |
| g | y-gencatlg |
| 942 ## - ADDED ENTRY ELEMENTS (KOHA) | |
| Source of classification or shelving scheme | Library of Congress Classification |
| Koha item type | Monograph ( Printed materials) |
| Withdrawn status | Lost status | Source of classification or shelving scheme | Damaged status | Not for loan | Collection code | Home library | Current library | Shelving location | Date acquired | Total Checkouts | Full call number | Barcode | Date last seen | Copy number | Price effective from | Koha item type |
|---|---|---|---|---|---|---|---|---|---|---|---|---|---|---|---|---|
| Library of Congress Classification | Main Collection | ARRUPE LIBRARY | ARRUPE LIBRARY | Main Collection | 21/03/2016 | PR9340.T374 | 46500007174 | 21/03/2016 | 1 | 21/03/2016 | Monograph ( Printed materials) | |||||
| Library of Congress Classification | Main Collection | ARRUPE LIBRARY | ARRUPE LIBRARY | Main Collection | 21/03/2016 | PR9340.T374 | 46500007175 | 21/03/2016 | 2 | 21/03/2016 | Monograph ( Printed materials) |